|
|
|
|
| LEADER |
00648ntm a2200157 i 4500 |
| 001 |
misc46772 |
| 005 |
20200430124023.0 |
| 008 |
200430suuuu hu o 0|| hun d |
| 040 |
|
|
|a SZTE Miscellanea Repozitórium
|b hun
|
| 041 |
|
|
|a hun
|
| 100 |
1 |
|
|a Herrmann Antal
|
| 245 |
1 |
0 |
|a Belügyminisztériumi rendelet a cigányokra vonatkozó ideiglenes rendszabályok tárgyában
|h [elektronikus dokumentum] /
|c Herrmann Antal
|
| 300 |
|
|
|a 36
|
| 561 |
|
|
|a Herrmann Antal hagyaték
|
| 695 |
|
|
|a cigányügy, Magyar Királyi Belügyminisztérium, kóbor cigányok
|
| 856 |
4 |
0 |
|u http://misc.bibl.u-szeged.hu/46772/1/hermann_antal_ms_1934_004_egyeb_009.pdf
|z Dokumentum-elérés
|